<?xml version="1.0" encoding="UTF-8"?>
<record
    xmlns:xsi="http://www.w3.org/2001/XMLSchema-instance"
    xsi:schemaLocation="http://www.loc.gov/MARC21/slim http://www.loc.gov/standards/marcxml/schema/MARC21slim.xsd"
    xmlns="http://www.loc.gov/MARC21/slim">

  <leader>01076nam a2200241 i 4500</leader>
  <controlfield tag="001">15660</controlfield>
  <controlfield tag="003">ES-MaACL</controlfield>
  <controlfield tag="005">20250902090403.0</controlfield>
  <controlfield tag="007">t|</controlfield>
  <controlfield tag="008">000316s1996    sp       l   |||| | spa d</controlfield>
  <datafield tag="020" ind1=" " ind2=" ">
    <subfield code="a">84-89318-85-9</subfield>
  </datafield>
  <datafield tag="080" ind1=" " ind2=" ">
    <subfield code="a">351.713(460.15)</subfield>
  </datafield>
  <datafield tag="110" ind1="2" ind2=" ">
    <subfield code="a">Real Sociedad Bascongada de los Amigos del Pa&#xED;s. </subfield>
    <subfield code="b">Delegaci&#xF3;n en Corte.</subfield>
    <subfield code="b">Semana</subfield>
    <subfield code="n">(5&#xAA;. </subfield>
    <subfield code="d">1994. </subfield>
    <subfield code="c">Madrid)</subfield>
    <subfield code="9">6377</subfield>
  </datafield>
  <datafield tag="245" ind1="1" ind2="3">
    <subfield code="a">El concierto econ&#xF3;mico vasco </subfield>
    <subfield code="b">: Actas V Semana Delegaci&#xF3;n en Corte de la Real Sociedad Bascongada de los Amigos del Pa&#xED;s, Madrid 19-22 noviembre 1995 / </subfield>
    <subfield code="c">direcci&#xF3;n-coordinaci&#xF3;n, Guadalupe Rubio de Urqu&#xED;a, Juan Ignacio Unda Urzaiz.</subfield>
  </datafield>
  <datafield tag="260" ind1=" " ind2=" ">
    <subfield code="a">Madrid : </subfield>
    <subfield code="b">Delegaci&#xF3;n en Corte, Real Sociedad Bascongada de los Amigos del Pa&#xED;s, </subfield>
    <subfield code="c">1996.</subfield>
  </datafield>
  <datafield tag="300" ind1=" " ind2=" ">
    <subfield code="a">189 p. ; </subfield>
    <subfield code="c">21 cm.</subfield>
  </datafield>
  <datafield tag="600" ind1="1" ind2="4">
    <subfield code="a">Caro Baroja, Julio,</subfield>
    <subfield code="d">1914-1995-</subfield>
    <subfield code="v">Homenajes</subfield>
    <subfield code="9">35405</subfield>
  </datafield>
  <datafield tag="650" ind1="1" ind2="7">
    <subfield code="a">Derecho fiscal-</subfield>
    <subfield code="z">Pa&#xED;s Vasco</subfield>
    <subfield code="2"></subfield>
    <subfield code="9">146915</subfield>
  </datafield>
  <datafield tag="700" ind1="1" ind2=" ">
    <subfield code="a">Rubio de Urqu&#xED;a, Guadalupe</subfield>
    <subfield code="9">100401</subfield>
  </datafield>
  <datafield tag="700" ind1="1" ind2=" ">
    <subfield code="a">Unda Urzaiz, Juan Ignacio.</subfield>
    <subfield code="9">111996</subfield>
  </datafield>
  <datafield tag="852" ind1=" " ind2=" ">
    <subfield code="a">ES-MaACL</subfield>
    <subfield code="j">L-23048</subfield>
  </datafield>
  <datafield tag="999" ind1=" " ind2=" ">
    <subfield code="c">15660</subfield>
    <subfield code="d">15660</subfield>
  </datafield>
  <datafield tag="952" ind1=" " ind2=" ">
    <subfield code="0">0</subfield>
    <subfield code="1">0</subfield>
    <subfield code="4">0</subfield>
    <subfield code="7">0</subfield>
    <subfield code="a">ATENEOM</subfield>
    <subfield code="b">ATENEOM</subfield>
    <subfield code="c">DEPO2</subfield>
    <subfield code="d">2008-01-17</subfield>
    <subfield code="e">SC</subfield>
    <subfield code="l">0</subfield>
    <subfield code="o">L-23048</subfield>
    <subfield code="p">1015919</subfield>
    <subfield code="r">2023-02-23 00:00:00</subfield>
    <subfield code="w">2023-02-23</subfield>
    <subfield code="y">MONOGRAFIA</subfield>
  </datafield>
</record>
